| 000 | 00476cam a2200169 4500 | ||
|---|---|---|---|
| 001 | D10208 | ||
| 008 | 090401t xxu||||| |||| 00| 0 eng d | ||
| 035 | _a(Sirsi) u94418 | ||
| 041 | _aeng | ||
| 050 | _a526.9062 | ||
| 100 | _aBell, James Frederick | ||
| 245 | _aSuggested rules and regulations to govern election to the Land Survey Divisional Council | ||
| 350 | _a0 | ||
| 520 | _aIn: RICS. Land surveyors conference, April 1976 1976/7 | ||
| 942 | _n0 | ||
| 948 | _c04/03/1997 | ||
| 999 |
_c98027 _d98027 |
||